00725nam a2200217 a 450000100060000000300080000600500170001400800410003102000150007203500190008704000320010604100080013808200240014610000280017024501050019826000440030330000260034750400360037365100490040965100490045842159BD-RjUL20211209053512.0160609s1969 enk b 001 0 eng  a0710066368 a(BD-RjUL)42277 aDLCcDLCdm.cdBD-RjULbeng aeng a327.47056bLAS 19691 aLaqueur, Walter,d1921-14aThe struggle for the Middle East :bthe Soviet Union and the Middle East, 1958-68 /c Walter Laqueur aLondon :bRoutledge & Kegan Paul,c1969 aviii, 360 p. ;c23 cm aIncludes Bibliography and index 0aSoviet UnionxForeign relationszMiddle East 0aMiddle EastxForeign relationszSoviet Union